000 00213 a2200097 4500
001 28962
100 _aPettit J.M
245 _aElectronic Switching Timing
260 _a
_bMcGraw-Hill
_c
090 _c19358
_d19358
942 _aNUST-CAE
_cM
_c10400
999 _c264035
_d264035